Banca nacionalizada: cuestión de principios e ideales /
Sin resumen
Tallennettuna:
| Päätekijä: | |
|---|---|
| Aineistotyyppi: | Teksti |
| Aiheet: | |
| Tagit: |
Lisää tagi
Ei tageja, Lisää ensimmäinen tagi!
|
MARC
| LEADER | 00000 a a2200000 04500 | ||
|---|---|---|---|
| 001 | 34 | ||
| 003 | |||
| 040 | |||
| 100 | |a Gil Pacheco, Rufino | ||
| 245 | |a Banca nacionalizada: |b cuestión de principios e ideales / |c Rufino Gil Pacheco | ||
| 520 | |a Sin resumen | ||
| 650 | |a PRIVATIZACION | ||
| 650 | |a BANCOS | ||
| 650 | |a POLITICA ECONOMICA | ||
| 773 | |g número 13 -14; páginas 69-77 | ||
| 999 | |c 38345 |d 38345 | ||
| 773 | 0 | |0 18806 |9 2087 |a Universidad Nacional de Costa Rica |d Heredia: C.R.: EUNA |o 02253 |t ABRA |x 14093928 | |
